000 00441nam a2200205Ia 4500
001 11744
003 GE_BSU
008 181216s||||||||xx |||||||||||||| ||und||
020 _a0552141321
040 _cGE_BSU
080 _a821.111-312.4
100 _aSteel,Danielle
245 _aSilent Honour
260 _aGreat Britain
260 _bCorgi Books
260 _c1997
300 _a446p.18cm.
653 _aSilent Honour
942 _cBK
999 _c44923
_d44923